Normal view
MARC view
- Wulff, Donald.H, Austin, Ann. E
Entry Personal Name
001 - CONTROL NUMBER
- control field: 66129
003 - CONTROL NUMBER IDENTIFIER
- control field: NUST
005 - DATE AND TIME OF LATEST TRANSACTION
- control field: 20210628203535.0
008 - FIXED-LENGTH DATA ELEMENTS
- fixed length control field: 210628|| aca||aabn | a|a d
040 ## - CATALOGING SOURCE
- Original cataloging agency: NUST
- Transcribing agency: NUST
100 ## - HEADING--PERSONAL NAME
- Personal name: Wulff, Donald.H, Austin, Ann. E
670 ## - SOURCE DATA FOUND
- Source citation: Work cat.: (NUST): Wulff, Donald.H, Austin, Ann. E, Paths to the professoriate, strategies for enriching the preparation of future faculty, 2004
